000 00378nam a2200133Ia 4500
999 _c8301
_d8301
008 191201s2018 xx 000 0 und d
082 _a612.015 KAP
100 _aKALE,SR AND KALE, RR
245 0 _aPractical biochemistry and clinical pathology
260 _bNirali pub
_aNew delhi
_c2018
300 _a88
650 _aApplied Biochemistry & Clinical Chemistry
942 _2ddc
_cBK